Operační výzkum kvantitativní modely pro ekonomické rozhodování
Saved in:
| Main Author: | |
|---|---|
| Format: | Book |
| Language: | Czech |
| Published: |
Praha
Professional Publishing
2007
|
| Edition: | 3. vyd. |
| Subjects: | |
| Tags: |
No Tags, Be the first to tag this record!
|
MARC
| LEADER | 00000nam$a2200000$$$4500 | ||
|---|---|---|---|
| 001 | 0076314 | ||
| 005 | 20231215114848.3 | ||
| 020 | |a 978-80-86946-44-3 | ||
| 041 | 0 | |a cze | |
| 044 | |a CZ | ||
| 245 | 1 | 0 | |a Operační výzkum |b kvantitativní modely pro ekonomické rozhodování |c Josef Jablonský |
| 250 | |a 3. vyd. | ||
| 264 | 1 | |a Praha |b Professional Publishing |c 2007 | |
| 300 | |a 323 s. | ||
| 610 | 2 | 0 | |a výskum operačný |
| 610 | 2 | 0 | |a programovanie lineárne |
| 610 | 2 | 0 | |a teória grafov |
| 610 | 2 | 0 | |a optimalizácia |
| 610 | 2 | 0 | |a modely |
| 610 | 2 | 0 | |a riadenie projektové |
| 610 | 2 | 0 | |a riadenie zásob |
| 610 | 2 | 0 | |a obsluha |
| 610 | 2 | 0 | |a rozhodovanie viackriteriálne |
| 610 | 2 | 0 | |a procesy Markovove |
| 100 | 1 | |a Jablonský, Josef | |